Tarifa : para los enfermos de pago del hospital y maternidad para los enfermos de pago del hospital y maternidad
Descripción Física:
18 p. ; 17 cm
MARC
| LEADER | 00000nam a2200000Ia 4500 | ||
|---|---|---|---|
| 001 | 21465 | ||
| 008 | 160829s1937 xx 000 0 cat d | ||
| 080 | |a RF-12-86 | ||
| 245 | |a Tarifa : |b para los enfermos de pago del hospital y maternidad | ||
| 260 | |a Navarra : |b Diputación Floral y Provincial de Navarra, |c 1937 | ||
| 300 | |a 18 p. ; |c 17 cm | ||
| 590 | |a Prové de J-1620 | ||
| 650 | |a Hospital de Navarra |x Tarifes |9 47951 | ||
| 650 | |a Maternidad y Orfanato de Navarra |x Tarifes |9 47952 | ||
| 710 | 1 | |a Navarra. |b Diputación Foral |9 55588 | |
| 856 | 4 | |u https://media.diba.cat/diba/fitxers/arxiu/fulletons/bib_21465_1937_baixa.pdf |y Accés lliure | |
| 856 | 4 | |u https://media.diba.cat/diba/fitxers/arxiu/fulletons/bib_21465_1937_baixa.pdf |y Accés lliure | |
| 901 | |a Arxiu | ||
| 942 | |n 1 |2 udc | ||
| 952 | |0 0 |1 0 |4 0 |6 RF1286 |7 1 |9 54229 |a Arxiu |b Arxiu |d 2016-12-01 |l 0 |o RF-12-86 |p 21465 |r 2016-12-01 00:00:00 |w 2016-12-01 |y ARXIU | ||
| 999 | |c 58098 |d 58098 | ||
| 900 | |a bib_21465_1937_baixa.pdf | ||